[Event "Azerbaijan Championship 2022"]
[Site "Nakhchivan"]
[Date "2022.02.11"]
[Round "7.3"]
[White "Mamedov, Nidjat"]
[Black "Ilyasli, Ughur"]
[Result "1-0"]
[WhiteElo "2604"]
[BlackElo "2310"]
[Annotator "TA"]
[PlyCount "71"]
[EventDate "2022.02.05"]
[EventCountry "AZE"]
[SourceTitle "playchess.com"]
[Source "ChessBase"]
[SourceQuality "1"]

{[%evp 21,71,0,0,0,19,0,0,0,0,0,0,0,0,0,0,0,0,-27,-19,-29,-16,-26,14,22,15,17,32,10,43,18,30,10,51,45,25,29,64,58,368,350,356,353,375,366,352,348,29975,29976,29995,29996,29996,29997]} 1. e4 e5 2. Nf3 Nc6 3. Bb5 Nf6 {[%cal Bg8f6,Bf6e4,Be4d6,Bd6f5,Bf5h4][%mdl 32]} 4. O-O Nxe4 5. d4 Nd6 6. Bxc6 dxc6 7. dxe5 Nf5 8. Qxd8+ Kxd8 9. Rd1+ Ke8 10. Nc3 Be7 11. h3 Nh4 12. Nd4 {C67: Ruy Lopez: Berlin Defence: 4 0-0 Nxe4.} a6 13. Bf4 {[%cal Oe5e6]} g5 14. Bh2 {[%cal Oe5e6] The position is equal.} Rg8 {[#]} 15. Bg3 $146 ({Predecessor:} 15. f3 Nf5 16. Ne4 Nxd4 17. Rxd4 Bf5 18. Nf6+ Kf8 19. Rd2 Rh8 20. g4 Be6 21. f4 gxf4 22. Bxf4 {1-0 (46) Muller,H-Vaassen,J LSS email 2006}) 15... Nf5 16. Ne4 Nxg3 17. Nxg3 g4 18. hxg4 Bxg4 19. Re1 {[%cal Bd1e1,Be1e4,Be4e6,Be6f6,Bf6f7][%mdl 32]} Rd8 20. Re4 c5 21. Ndf5 {Nh6 is the strong threat.} Bf8 {Prevents Nh6.} (21... Rg5 $5 {[%cal Rg4f5]} 22. Rf4 Bxf5 23. Nxf5 Rd2 $15) 22. e6 fxe6 23. Rxe6+ Kd7 24. Rae1 c4 25. Rf6 h5 26. Rf7+ Kc6 (26... Kc8 $11) 27. Ne7+ (27. Ree7 $5 Bxe7 28. Nxe7+ Kb6 29. Nxg8 Rxg8 30. Nf1 $14) 27... Bxe7 28. Rexe7 Rd1+ 29. Kh2 Bd7 $2 {[%mdl 8192] [#] This move loses the game for Black.} (29... b5 $14) 30. Ne4 $1 $18 Rg6 31. Nf6 {[%cal Rf6d7]} Bf5 32. Rxc7+ Kb5 33. Rxb7+ Ka5 $2 {[#]} (33... Kc5 $18 34. Rfc7+ Kd4 35. c3+ Ke5) 34. Rfc7 $1 {White mates.} Rxf6 (34... Bd7 35. Nxd7) 35. Rc5+ Ka4 36. c3 {Weighted Error Value: White=0.05 (flawless) /Black=0.67} 1-0

[Event "Azerbaijan Championship 2022"]
[Site "Nakhchivan"]
[Date "2022.02.11"]
[Round "7.4"]
[White "Muradli, Mahammad"]
[Black "Babazada, Khazar"]
[Result "0-1"]
[WhiteElo "2528"]
[BlackElo "2427"]
[Annotator "TA"]
[PlyCount "108"]
[EventDate "2022.02.05"]
[EventCountry "AZE"]
[SourceTitle "playchess.com"]
[Source "ChessBase"]
[SourceQuality "1"]

{[%evp 9,108,26,29,22,31,25,27,19,15,0,4,14,14,22,17,16,13,0,25,13,29,0,0,0,-27,-6,0,0,0,0,-2,-17,-16,-14,-20,-102,-43,-39,0,0,0,-32,0,0,0,0,0,0,0,0,0,-33,-22,-31,-50,-91,-100,-79,-72,-157,-176,-168,-171,-168,-170,-167,-161,-178,-159,-152,-137,-366,-323,-363,-283,-329,-369,-364,-364,-349,-335,-444,-438,-418,-399,-526,-598,-515,-546,-611,-616,-590,-601,-600,-600,-552,-547,-387,-349,-29980,-29981]} 1. c4 e6 {[%cal Be7e6,Be6d5][%mdl 32]} 2. Nc3 d5 3. d4 a6 4. cxd5 exd5 5. Nf3 c6 6. Bf4 {D31: Queen's Gambit Declined: Semi-Slav without ...Nf6 (+ Marshall Gambit and Noteboom) and Exchange Variation lines without ...Nf6.} Bd6 7. Bxd6 Qxd6 8. e4 {White has an edge.} dxe4 9. Nxe4 {[%cal Bc3e4,Be4d6,Bd6c4,Bc4b6][%mdl 32]} Qe7 10. Qe2 {Nd6+ is the strong threat.} Nd7 11. O-O-O Ngf6 12. Nd6+ Kf8 13. Nc4 Qxe2 14. Bxe2 {[#]} Ne4 $146 {Hoping for ...b5.} ({Predecessor:} 14... g6 15. Nfe5 Nxe5 16. dxe5 Nd5 17. Nd6 Rb8 18. g3 Be6 19. Rhe1 Ke7 20. a3 Rhd8 {½-½ (52) Iturrizaga Bonelli,E (2605)-Plazuelo Pascual,J (2455) Linares 2021}) 15. Rde1 (15. Rhf1 $142) 15... Ndf6 $11 16. Nb6 Rb8 17. Bc4 Nd6 18. Bb3 Bf5 19. Ne5 {[%cal Og2g4] Strongly threatening g4!} Rd8 20. f3 h5 21. Rhg1 Nd5 22. g4 Nxb6 (22... hxg4 $17 23. fxg4 Nxb6 24. gxf5 Nd5 25. Bxd5 cxd5) 23. gxf5 $15 Nd5 (23... a5 {seems wilder.} 24. a3 Rh6 25. Rg5 f6 26. Ng6+ Rxg6 27. Rxg6 Nxf5 28. f4 Nd5) 24. Bxd5 cxd5 25. Rg5 (25. Kd2 $5 {[%cal Re1c1]}) 25... Rh6 (25... Nb5 {with more complications.} 26. Kd2 Nxd4 27. Rc1 Re8 28. Kd3 Ne2) 26. Kd2 Rf6 27. Rxh5 Kg8 {Inhibits Rh8+.} 28. Kd3 Rxf5 29. Rh3 Re8 {aiming for ...f6.} 30. Rc1 f6 (30... Nb5 $5 {[%cal Rf5f4]} 31. a4 Nxd4 $1 32. Kxd4 Rfxe5 $15) 31. Ng4 Rf4 {And now ...Nb5 would win.} 32. Rc5 (32. Rg1 $1 $15 {is more appropriate.}) 32... Nf5 $1 $17 33. Rxd5 Kf7 $1 34. a4 {[#]} (34. a3 $142) 34... b6 $1 {Black is more active.} 35. b3 Ke6 $36 {[%mdl 2048] Black is in control.} 36. Rxf5 Rxf5 $19 {[%mdl 4096] Endgame KRR-KRN} 37. Ne3 {[#]} Rg5 38. Rh4 Kd7 39. Rh7 Kc6 40. Ng4 $2 {This costs White the game.} (40. b4 $17 {was worth a try.}) 40... Rf5 41. Rh3 Rd8 42. Ne3 Rf4 43. Nc2 a5 44. Kc4 g5 45. b4 axb4 46. Nxb4+ Kd6 47. Kb5 Rxd4 {Threatens to win with ...Rc8.} 48. Nc6 Rd5+ 49. Kxb6 Rc8 50. Na5 Rd4 51. Nb7+ Kd5 {( -> ...Rb4+)} 52. a5 Rb4+ 53. Ka7 Kc6 54. a6 (54. Rh7 $19 Re8 55. Rg7) 54... Ra4 {Weighted Error Value: White=0.39/Black=0.06 (flawless)} 0-1

[Event "Azerbaijan Championship 2022"]
[Site "Nakhchivan"]
[Date "2022.02.11"]
[Round "7.5"]
[White "Shahaliyev, Ismayil"]
[Black "Ahmadzada, Ahmad"]
[Result "0-1"]
[WhiteElo "2380"]
[BlackElo "2467"]
[Annotator "TA"]
[PlyCount "84"]
[EventDate "2022.02.05"]
[EventCountry "AZE"]
[SourceTitle "playchess.com"]
[Source "ChessBase"]
[SourceQuality "1"]

{[%evp 18,84,14,14,22,35,27,14,45,21,72,51,83,82,85,78,74,77,70,92,128,-28,-14,-80,-50,-83,-58,-59,-52,-48,0,0,0,0,0,-55,-56,-42,-50,-228,-222,-208,-189,-188,-159,-215,-100,-98,-91,-98,-96,-87,-106,-204,-192,-187,-183,-313,-312,-331,-317,-331,0,0,0,-296,-277,-757,-717]} 1. d4 Nf6 2. c4 c5 3. d5 e6 4. Nc3 exd5 5. cxd5 d6 6. Nf3 g6 7. g3 Bg7 8. Bg2 O-O 9. O-O Re8 10. Bf4 h6 {10...Bf5 is the modern continuation. A62: Modern Benoni: Fianchetto Variation without early ...Nbd7.} 11. Qc1 g5 12. Be3 a6 {The position is equal.} 13. a4 {[#]} (13. h4 $5 {[%cal Rh4g5]}) 13... Bf5 $146 (13... Nh5 $11) ({Predecessor:} 13... Nbd7 14. h4 g4 15. Ne1 Kh7 16. Nd3 Nf8 17. b4 cxb4 18. Nxb4 Bf5 19. Bd4 Rc8 20. Nc2 Kg8 21. Ne3 Bg6 22. Qb2 N8d7 23. a5 Nc5 {0-1 (23) Yuffa,D (2577)-Shubin,K (2416) St Petersburg 2019}) 14. h4 $16 g4 15. Nd2 Rxe3 16. fxe3 Bg6 17. Nc4 Nh5 18. Qe1 Qe7 {Prevents Ne4.} 19. Qf2 $2 ({Only move:} 19. Nb6 $1 $16 {[%cal Rb6a8]}) 19... Nd7 $11 {[%mdl 1024] Black has compensation.} 20. a5 (20. e4 $11 {remains equal.}) 20... f5 21. Ra4 Rb8 {Strongly threatening ...b6.} 22. Ra3 Ne5 23. Nd2 b5 (23... Rf8 $15 {feels stronger.}) 24. axb6 $1 Rxb6 25. Nd1 f4 26. gxf4 {[#]} ({Better is} 26. exf4 $11 Nd3 27. Rxd3 (27. exd3 Bd4 $15) 27... Bxd3 28. Re1 (28. exd3 $2 Bd4 $19)) 26... g3 $1 $15 27. Qe1 Qxh4 {[%csl Gg3][%cal Rh4h2]} 28. Nf3 {To avoid Qh2+} ({White has to play} 28. Rf3 $1 $15 Nxf3+ 29. Nxf3) 28... Nxf3+ $19 29. Rxf3 Bf5 $36 {[%mdl 2048] Threatens to win with ...Qh2+. Black is really pushing. Chess con chili.} 30. e4 Qh2+ ({Resist} 30... Nxf4 31. Rxf4 $1 {[%mdl 512]} Qxf4 32. exf5 $16) (30... Bxe4 31. Rxg3 Qxf4 32. Rh3) 31. Kf1 {[#]} Bh3 {This bishop pair is nice.} ({And not} 31... Bxe4 32. Rxg3 Nxg3+ 33. Qxg3 Bxg2+ 34. Qxg2 Qxf4+ 35. Qf3 Qxf3+ 36. Rxf3) (31... Bd4 $1 $19 {[%csl Gd4][%cal Rh2g1] has better winning chances.} 32. Rxg3+ Kh8) 32. Rxg3 $17 Nxg3+ 33. Rxg3 Bxg2+ 34. Rxg2 Qxf4+ 35. Kg1 (35. Qf2 $17 Qd2 36. Qe1 Qf4+ 37. Qf2) 35... Qxe4 36. Qg3 {[%csl Gg2][%cal Rg3g7]} Qd4+ 37. Nf2 (37. Kh2 {was called for.}) 37... Rxb2 $19 38. Qxd6 Rxe2 {aiming for ...Qa1+.} 39. Qb8+ Kh7 40. Qb1+ Kg8 41. Qb8+ Kf7 {( -> ...Re1+)} ({Wrong is} 41... Kh7 $2 42. Qb1+ Kg8 43. Qb8+ $19) 42. Kf1 {[#] Inhibits Re1+.} (42. Qb1 Qa1 43. Qxa1 Bxa1 44. Kf1) 42... Qc4 $1 {Weighted Error Value: White=0.49/Black=0.28 (precise)} 0-1

[Event "Azerbaijan Championship 2022"]
[Site "Nakhchivan"]
[Date "2022.02.11"]
[Round "7.6"]
[White "Hasanzade, Toghrul"]
[Black "Gasimov, Parviz"]
[Result "1-0"]
[WhiteElo "2292"]
[BlackElo "2379"]
[Annotator "TA"]
[PlyCount "85"]
[EventDate "2022.02.05"]
[EventCountry "AZE"]
[SourceTitle "playchess.com"]
[Source "ChessBase"]
[SourceQuality "1"]

{[%evp 15,85,0,26,32,32,14,20,0,0,0,0,0,-4,-34,-26,-29,-15,-4,-12,-50,-37,-54,-53,-71,-70,-75,-78,-81,-82,-77,-87,-93,-79,-77,-84,-83,-85,-87,-80,-93,-79,-116,-68,-130,-39,-114,-42,-35,0,-12,-9,-12,-14,-59,-57,-50,-54,-95,-84,-90,-50,-50,-33,-28,760,752,746,731,29990,29991,29991,29992]} 1. e4 c5 2. Nf3 Nc6 3. d4 cxd4 4. Nxd4 g6 5. c4 Bg7 6. Be3 Qb6 7. Nb3 Qd8 8. Nd4 Qb6 {[%cal Rc6d4] 8...d6 gains popularity.} 9. Nb5 {B38: Sicilian: Maroczy Bind with 5...Bg7 and 7...0-0.} Qa5+ 10. Bd2 Qd8 11. Bc3 {The position is equal.} Nf6 {[%cal Bg8f6,Bf6d7,Bd7c5,Bc5d3][%mdl 32]} 12. Bd3 d6 13. O-O O-O 14. Nd2 a6 {[#] Hoping for ...Ne5.} 15. Na3 {[#]} Nd7 $146 ({Predecessor:} 15... Bd7 16. Qe2 Qb6 17. Nc2 Rfe8 18. Kh1 Ne5 19. Ne3 Nxd3 20. Qxd3 Rac8 21. Rac1 Bc6 22. Nd5 Bxd5 23. exd5 Nd7 24. Bxg7 Kxg7 {0-1 (62) Samsonkin,A (2358)-Noritsyn,N (2336) Kitchener 2007}) 16. Bxg7 Kxg7 17. Nf3 Nc5 18. h3 {Inhibits Bg4.} Qb6 19. Qe2 Nxd3 20. Qxd3 Qxb2 21. Rab1 {[#]} Ne5 $1 22. Nxe5 Qxe5 23. Rfe1 Rb8 24. Nc2 {[%cal Ba3c2,Bc2b4,Bb4d5][%mdl 32]} Bd7 25. Nb4 Qc5 26. Nd5 e6 27. Ne3 Rfd8 28. f4 b5 (28... Bc6 $17 29. Kh1 h5) 29. Rbc1 (29. cxb5 $1 $15 Bxb5 30. Qd2) 29... Rbc8 (29... b4 $17 {Strongly threatening ...a5.} 30. Kh1 a5) 30. Kh1 (30. cxb5 $1 $15 Bxb5 31. Qd2) 30... bxc4 ({Better is} 30... b4 $17 31. Qe2 Bc6 32. Qb2+ f6) 31. Rxc4 $15 Qb6 32. Rb1 Qa5 33. Rxc8 Bxc8 {[%cal Bd7c8,Bc8b7,Bb7e4][%mdl 32]} 34. Rc1 (34. Nc4 $11 Qc7 35. Rd1) 34... Bb7 35. f5 Qe5 36. fxe6 (36. Ng4 $15 {should be considered.} Qxe4 37. Qd2) 36... Bxe4 $17 37. Qd2 {Ng4 is the strong threat.} Qxe6 38. Ng4 {And now Qd4+ would win.} h5 39. Qd4+ Kf8 $2 {[%mdl 8192] Loses the game.} (39... f6 $11 40. Rc7+ Rd7 41. Rxd7+ Qxd7 42. Qxf6+ Kg8) 40. Qh8+ $18 Ke7 41. Rc7+ Rd7 42. Rc8 {[%csl Gh8][%cal Rc8e8]} Bxg2+ 43. Kh2 {Weighted Error Value: White=0.14 (very precise) /Black=0.32} 1-0

[Event "Azerbaijan Championship 2022"]
[Site "Nakhchivan"]
[Date "2022.02.11"]
[Round "7.7"]
[White "Safarli, Eltaj"]
[Black "Bayramov, Zaur"]
[Result "1-0"]
[WhiteElo "2597"]
[BlackElo "2357"]
[Annotator "TA"]
[PlyCount "79"]
[EventDate "2022.02.05"]
[EventCountry "AZE"]
[SourceTitle "playchess.com"]
[Source "ChessBase"]
[SourceQuality "1"]

{[%evp 10,79,49,17,36,25,28,-16,12,5,47,22,26,25,20,23,17,10,41,44,43,40,53,24,29,26,66,59,63,56,56,53,92,47,43,47,58,51,50,37,67,37,37,37,90,29,47,45,46,21,22,22,4,6,32,26,22,25,31,12,13,22,21,24,204,190,151,0,1816,1732,1648,1566]} 1. e4 g6 2. d4 Bg7 3. Nc3 d6 4. Bg5 c6 5. Qd2 b5 6. a3 a6 {B06: Modern Defence.} 7. f4 Nd7 8. e5 {[#]} (8. Be2 $142) 8... Nb6 $146 {The position is equal.} ({Predecessor:} 8... dxe5 9. fxe5 f6 10. exf6 exf6 11. Be3 Ne7 12. Bd3 Nb6 13. Nge2 Bf5 14. O-O-O Bxd3 15. Qxd3 {1-0 (24) Khmelnitsky,I-Drozdov,I Kharkov 1988}) 9. Nf3 Qc7 (9... f6 $11 10. Bh4 Nh6) 10. Bd3 f6 11. Bh4 Nh6 $1 12. O-O {Threatening exf6.} O-O 13. Rae1 c5 14. Be4 Bb7 {[%cal Rf6e5] Prevents Nd5.} 15. dxc5 dxc5 16. Nd5 (16. Bf2 {is more complex.} fxe5 17. fxe5 Rac8 18. Qe2 Ng4 19. Bg3) 16... Nxd5 17. Bxd5+ Kh8 18. exf6 {White is much more active.} exf6 19. Bxb7 $1 Qxb7 20. Re6 $1 Rae8 21. Qe2 (21. Rfe1 $16 Rxe6 22. Rxe6) 21... Rxe6 $14 22. Qxe6 Nf5 23. Bf2 c4 24. Rd1 (24. c3 {seems wilder.} Rf7 25. Rd1 Bf8 26. Rd8 Kg7 27. Nd4) 24... Qa8 25. h3 Re8 26. Qb6 Qc8 (26... h5 $14) 27. Qa7 (27. g4 $16 Ne7 28. Re1) 27... Re7 28. Qc5 Rc7 29. Qb6 (29. Qd5 $5 {[%cal Rd5d8]} h5 30. Qd8+ Qxd8 31. Rxd8+ Kh7 32. g3 $14) 29... h5 $1 30. Nh4 Nxh4 31. Bxh4 Rc6 32. Rd8+ Kh7 33. Qd4 $36 {[%mdl 2048] White has good play.} Qe6 34. Rd7 {[#] Threatens to win with Qa7.} Kg8 $1 35. Kh2 Bf8 {[%cal Og6g5]} 36. Rd8 Kf7 $2 (36... Qe7 $11 {and Black has nothing to worry.}) 37. Qa7+ $18 Be7 {[#]} 38. Bg3 $2 (38. Rh8 $1 $16 {[%cal Rh8h7]} Kg7 39. Re8) 38... Qe4 $2 {[%mdl 8192]} (38... Rc5 $11) 39. Qd7 {Intending Qe8+ and mate.} Kg7 40. Qe8 {Weighted Error Value: White=0.16 (very precise) /Black=0.22 (precise)} 1-0

[Event "Azerbaijan Championship 2022"]
[Site "Nakhchivan"]
[Date "2022.02.11"]
[Round "7.8"]
[White "Abbasov, Farid"]
[Black "Mammadov, Sadig"]
[Result "0-1"]
[WhiteElo "2527"]
[BlackElo "2220"]
[Annotator "TA"]
[PlyCount "131"]
[EventDate "2022.02.05"]
[EventCountry "AZE"]
[SourceTitle "playchess.com"]
[Source "ChessBase"]
[SourceQuality "1"]

{[%evp 9,131,8,14,-14,-11,-8,-15,-16,-12,-10,16,0,0,0,0,0,0,0,0,-8,0,0,0,0,0,-95,-92,-65,-30,-41,-25,-68,-38,-32,-10,-15,-9,-16,-7,-7,0,-16,-14,-16,0,-5,0,-14,0,0,0,0,7,10,10,7,10,10,17,7,7,0,0,0,0,0,0,0,0,0,0,0,0,0,0,0,0,0,17,17,43,17,17,17,17,17,17,17,17,17,17,17,17,17,17,17,17,17,17,17,17,17,17,17,17,17,17,17,17,17,17,-29966,-29965,-29967,-29966,-29961,-29952,-6056,-5089,-29975,-29976,-29975,-29975,-29974]} 1. c4 c6 2. d4 d5 3. Nf3 Nf6 4. Qc2 e6 5. g3 dxc4 6. Bg2 {D30: Queen's Gambit Declined: Systems without Nc3.} b5 7. O-O Bb7 8. b3 {The position is equal.} cxb3 9. axb3 Nbd7 10. Ne5 Nxe5 11. dxe5 Nd5 12. Nd2 Be7 13. Ne4 O-O {[%cal Oc6c5]} 14. Ba3 {[#] Inhibits c5.} b4 $146 ({Predecessor:} 14... a5 15. Nd6 Qd7 16. Bc5 f6 17. e4 Nb4 18. Qc3 fxe5 19. Rfd1 Na6 20. Nxb5 Qxd1+ 21. Rxd1 Bxc5 {1-0 (36) Perez Ferris,M-Vrigazov,H ICCF email 2009}) 15. Bb2 Qb6 16. Rfd1 c5 17. Nd2 {[#]} (17. Nd6 $11) 17... Qc7 $1 $17 18. Be4 h6 19. Nc4 a5 (19... Nb6 {looks sharper.} 20. Bh7+ Kh8 21. Na5 Rac8 22. Bd3 c4) 20. Bh7+ Kh8 {[%cal Oa5a4]} 21. Bd3 Ra7 (21... a4 $5 22. bxa4 Qc6 $11) 22. e4 Nb6 {White must now prevent ...Nxc4.} 23. Rxa5 Rxa5 24. Nxa5 Ra8 25. Nc4 Nxc4 26. Bxc4 Rd8 27. f3 Bc6 28. Kf2 Rxd1 29. Qxd1 Qa7 30. Qa1 Qxa1 31. Bxa1 $11 {[%mdl 4096] Endgame KBB-KBB} g5 32. Ke3 Kg7 33. Bb2 Kg6 34. Bd3 h5 35. Bc4 g4 36. f4 Bd8 37. Kd3 Bb6 38. Bc1 Ba7 39. Be3 Bb6 40. Bc1 Ba7 41. Be3 Bb6 42. Ba6 Ba7 43. Bc8 {aiming for f5+.} Kg7 44. Kc4 Bxe4 45. Bxc5 Bd5+ 46. Kxb4 Bxc5+ 47. Kxc5 {Hoping for b4.} Bxb3 {KB-KB} 48. Kd6 Kf8 49. Ba6 Bc2 50. Bc4 Bf5 51. Kd7 Kg8 52. Ke8 Kg7 53. Ke7 Bc2 54. Bb5 Bb1 55. Bd7 Bf5 56. Bc8 Bc2 57. Bb7 Bd3 58. Bg2 Bf5 59. Bf1 Be4 60. h3 $2 {[%mdl 8192] [#] Now White is beyond hope.} (60. Ba6 $11) 60... h4 $1 61. hxg4 hxg3 62. Kd6 Bf3 63. f5 Bxg4 ({Not} 63... g2 64. Bxg2 Bxg2 65. fxe6 fxe6 66. Kxe6 $11) 64. fxe6 fxe6 65. Kc5 Bf3 66. Kd4 {Weighted Error Value: White=0.35/Black=0.04 (flawless)} 0-1

[Event "Azerbaijan Championship 2022"]
[Site "Nakhchivan"]
[Date "2022.02.11"]
[Round "7.9"]
[White "Sevdimaliyev, Urfan"]
[Black "Talibov, Shiroghlan"]
[Result "0-1"]
[WhiteElo "2359"]
[BlackElo "2307"]
[Annotator "TA"]
[PlyCount "114"]
[EventDate "2022.02.05"]
[EventCountry "AZE"]
[SourceTitle "playchess.com"]
[Source "ChessBase"]
[SourceQuality "1"]

{[%evp 14,114,48,20,25,10,41,36,43,27,39,20,46,47,47,44,41,42,64,63,64,65,63,47,62,27,34,35,43,23,68,34,55,47,66,41,43,38,62,46,38,32,31,32,31,28,23,32,35,29,35,34,37,24,41,29,31,31,41,46,49,46,47,-16,0,0,10,9,3,3,3,0,15,16,17,4,4,3,1,0,0,-62,-73,-119,-22,-107,-2,-3,-8,-4,-6,-14,-8,-8,-13,-186,-186,-658,-632,-601,-619,-581,-564]} 1. e4 e6 2. d4 d5 3. Nd2 dxe4 4. Nxe4 Bd7 5. Nf3 Bc6 6. Bd3 Nd7 7. Qe2 Ngf6 8. Ng3 Bxf3 {C10: French with 3 Nc3: Unusual Black 3rd moves and 3...dxe4.} 9. Qxf3 c6 10. O-O Bd6 {White is slightly better.} 11. b3 Qa5 {[#]} 12. a3 $146 ({Predecessor:} 12. Qe2 O-O 13. c4 Qc7 14. Bb2 Rfe8 15. Rab1 Bb4 16. Rbd1 Qf4 17. Ne4 Nxe4 18. Bxe4 {½-½ (39) Hossain,E (2426)-Girinath,P (2336) Dhaka 2002}) 12... h6 13. Bb2 O-O 14. c4 Rfe8 15. Rfe1 Qg5 16. Rad1 Rad8 17. Bc2 Qg4 18. Qxg4 (18. Qc3 {keeps more tension.} Bc7 19. h3 Qg5 20. Nf1 Qh5 21. Nd2) 18... Nxg4 19. Be4 Ngf6 20. Bf3 Bc7 21. Nf1 Nb6 (21... e5 $11) 22. a4 a6 {[%cal Oe6e5]} 23. Bc3 Nc8 24. a5 Nd6 25. g3 Nf5 26. Ne3 Nxe3 27. Rxe3 Re7 28. b4 Red7 29. Red3 Bb8 30. R3d2 Ba7 31. Kf1 Kf8 32. Ke2 Ke7 33. Rd3 Bb8 34. h3 Kf8 35. Bg2 Ne8 36. d5 cxd5 37. cxd5 e5 38. Re3 (38. d6 $14) 38... Bd6 39. Rb1 Nc7 40. Bxe5 Bxe5 41. Rxe5 Nxd5 {Strongly threatening ...Nc3+.} 42. Rb3 {Inhibits Nc3+.} f6 43. Re4 Nc7 {[%cal Bd5c7,Bc7b5,Bb5d4][%mdl 32]} 44. Rb2 Nb5 {Threatens to win with ...Nc3+.} 45. Re3 {Inhibits Nc3+.} Rc8 {And now ...Nc3+ would win.} 46. Rd2 Nd4+ 47. Kd1 ({White should play} 47. Kf1 $1 $11) 47... Rc4 $15 48. Be4 (48. f4 $142) 48... Kf7 (48... Rxb4 49. Bg6 Re7 50. Rc3 $15) (48... f5 $17 49. Bd3 (49. Bxf5 $2 Rdc7 $19) 49... Rxb4 50. Bxf5 Ra4 $1) 49. h4 (49. Ke1 $11 {keeps the balance.}) 49... g6 ({Black should try} 49... f5 $1 $17 {[%cal Rf5e4]} 50. Bd3 (50. Bxf5 $2 Rdc7 $19) 50... Rxb4 51. Bxf5 Rd5) 50. Rb2 $11 f5 51. Bd3 Nc6 52. b5 axb5 53. Rxb5 Ra4 {...f4 is the strong threat.} 54. h5 $2 {[#] This move loses the game for White.} (54. Ke1 $11) 54... Nb4 $1 $36 {[%mdl 2048] Black is really pushing.} ({Inferior is} 54... Rxa5 55. Rxa5 Nxa5 56. hxg6+ Kxg6 57. Ke2 $11) (54... Nxa5 55. hxg6+ Kg7 56. Ke2 $14) (54... gxh5 55. Rxf5+ Kg7 56. Kc1 $11) 55. Kd2 (55. hxg6+ Kxg6 56. Re6+ Kg7 57. Rxb4 Rxb4 58. Kc2) 55... Ra2+ {Black is clearly winning.} ({Less strong is} 55... Nxd3 56. Rxd3 Ra2+ 57. Ke3 f4+ 58. gxf4 Rxd3+ 59. Kxd3 $14) 56. Kc3 Nxd3 ({Not} 56... Nd5+ {[#]} 57. Rxd5 $1 {[%mdl 512]} Rxd5 58. Bc4 Raxa5 59. Re5 $18) 57. hxg6+ Kxg6 {Weighted Error Value: White=0.31/Black=0.11 (very precise)} 0-1

[Event "Azerbaijan Championship 2022"]
[Site "Nakhchivan"]
[Date "2022.02.11"]
[Round "7.10"]
[White "Eynullayev, Atilla"]
[Black "Bayramov, Elvin"]
[Result "1-0"]
[WhiteElo "2324"]
[BlackElo "2280"]
[Annotator "ChessBase"]
[PlyCount "69"]
[EventDate "2022.02.05"]
[EventCountry "AZE"]
[SourceTitle "playchess.com"]
[Source "ChessBase"]
[SourceQuality "1"]
[TimeControl "40/5400+30:1800+30"]

1. e4 {[%emt 0:00:04]} c5 {[%emt 0:00:43]} 2. Nf3 {[%emt 0:00:04]} d6 {[%emt 0:02:24]} 3. d4 {[%emt 0:00:24]} cxd4 {[%emt 0:00:04]} 4. Nxd4 {[%emt 0:00:03]} Nf6 {[%emt 0:00:04]} 5. Nc3 {[%emt 0:00:05]} a6 {[%emt 0:01:12]} 6. Be2 {[%emt 0:00:04]} e6 {[%emt 0:03:36]} 7. Be3 {[%emt 0:00:14]} Be7 {[%emt 0:10:47]} 8. g4 {[%emt 0:00:13]} Nc6 {[%emt 0:02:27]} 9. g5 {[%emt 0:01:31]} Nd7 {[%emt 0:02:48]} 10. h4 {[%emt 0:00:30]} Qc7 {[%emt 0:08:17]} 11. h5 {[%emt 0:04:58]} Nce5 {[%emt 0:03:43]} 12. f4 {[%emt 0:09:54]} Nc4 {[%emt 0:00:46]} 13. Bxc4 {[%emt 0:00:17]} Qxc4 {[%emt 0:00:04]} 14. Qd3 {[%emt 0:25:36]} Qxd3 {[%emt 0:10:02]} 15. cxd3 {[%emt 0:00:12]} Nc5 {[%emt 0:00:23]} 16. Ke2 {[%emt 0:05:30]} Bd7 {[%emt 0:04:30]} 17. Rac1 {[%emt 0:02:11]} b5 {[%emt 0:08:38]} 18. a3 {[%emt 0:09:07]} Na4 {[%emt 0:14:47]} 19. Nd1 {[%emt 0:02:22]} Rc8 {[%emt 0:08:22]} 20. Rxc8+ {[%emt 0:01:53]} Bxc8 {[%emt 0:00:01]} 21. Nc6 {[%emt 0:00:22]} Bf8 {[%emt 0:05:05]} 22. Bd4 {[%emt 0:00:44]} h6 {[%emt 0:01:30]} 23. g6 {[%emt 0:08:31]} f6 {[%emt 0:00:35]} 24. Ne3 {[%emt 0:14:05]} e5 {[%emt 0:02:57]} 25. Ba7 {[%emt 0:00:14]} exf4 {[%emt 0:07:35]} 26. Nd5 {[%emt 0:00:02]} Bb7 {[%emt 0:01:31]} 27. Nd4 {[%emt 0:01:10]} f3+ 28. Kxf3 {[%emt 0:00:37]} Nc5 {[%emt 0:01:00]} 29. Rc1 {[%emt 0:02:42]} Bxd5 {[%emt 0:00:33]} 30. exd5 {[%emt 0:00:02]} Kd7 {[%emt 0:00:01]} 31. Bb6 {[%emt 0:00:32]} f5 {[%emt 0:00:59]} 32. b4 {[%emt 0:00:36]} Nxd3 {[%emt 0:00:01]} 33. Rc7+ {[%emt 0:00:06]} Ke8 {[%emt 0:00:01]} 34. Nxf5 {[%emt 0:00:31]} Ne5+ {[%emt 0:00:28]} 35. Ke4 {[%emt 0:00:04]} 1-0